<?xml version="1.0" encoding="UTF-8"?>
<record
    xmlns:xsi="http://www.w3.org/2001/XMLSchema-instance"
    xsi:schemaLocation="http://www.loc.gov/MARC21/slim http://www.loc.gov/standards/marcxml/schema/MARC21slim.xsd"
    xmlns="http://www.loc.gov/MARC21/slim">

  <leader>00733    a2200229   4500</leader>
  <controlfield tag="003">CBULib</controlfield>
  <controlfield tag="005">20250425075555.0</controlfield>
  <controlfield tag="008">250423b        |||||||| |||| 00| 0 eng d</controlfield>
  <datafield tag="040" ind1=" " ind2=" ">
    <subfield code="b">English</subfield>
    <subfield code="c">CBULib</subfield>
    <subfield code="e">rda</subfield>
    <subfield code="a">CBULib</subfield>
    <subfield code="d">CBULib</subfield>
  </datafield>
  <datafield tag="050" ind1=" " ind2=" ">
    <subfield code="a">CBU-DAG(08)PBJ001/A</subfield>
  </datafield>
  <datafield tag="111" ind1=" " ind2=" ">
    <subfield code="a">The Copperbelt University</subfield>
    <subfield code="9">570</subfield>
  </datafield>
  <datafield tag="245" ind1=" " ind2=" ">
    <subfield code="a"> Dag Hammarskjold  institute : Policy brief : Enhancing intra-party democracy in Zambia</subfield>
  </datafield>
  <datafield tag="260" ind1=" " ind2=" ">
    <subfield code="b">Copperbelt University</subfield>
    <subfield code="c">2025</subfield>
  </datafield>
  <datafield tag="300" ind1=" " ind2=" ">
    <subfield code="a">3pages</subfield>
  </datafield>
  <datafield tag="336" ind1=" " ind2=" ">
    <subfield code="2">rdacontent</subfield>
    <subfield code="a">Text |</subfield>
    <subfield code="b">txt</subfield>
  </datafield>
  <datafield tag="337" ind1=" " ind2=" ">
    <subfield code="2">rdamedia</subfield>
    <subfield code="a">Unmediated |</subfield>
    <subfield code="b">n</subfield>
  </datafield>
  <datafield tag="338" ind1=" " ind2=" ">
    <subfield code="2">rdacarrier</subfield>
    <subfield code="a">Volume</subfield>
    <subfield code="b">nc</subfield>
  </datafield>
  <datafield tag="650" ind1=" " ind2="0">
    <subfield code="9">4472</subfield>
    <subfield code="a">INTRA-PARTY DEMOCRACY</subfield>
  </datafield>
  <datafield tag="650" ind1=" " ind2="0">
    <subfield code="9">4473</subfield>
    <subfield code="a">DEMOCRACY IN ZAMBIA</subfield>
  </datafield>
  <datafield tag="650" ind1=" " ind2="0">
    <subfield code="9">823</subfield>
    <subfield code="a">POLITICAL PARTIES</subfield>
  </datafield>
  <datafield tag="942" ind1=" " ind2=" ">
    <subfield code="2">mc</subfield>
    <subfield code="c">030</subfield>
  </datafield>
  <datafield tag="999" ind1=" " ind2=" ">
    <subfield code="c">86124</subfield>
    <subfield code="d">86124</subfield>
  </datafield>
  <datafield tag="952" ind1=" " ind2=" ">
    <subfield code="0">0</subfield>
    <subfield code="1">0</subfield>
    <subfield code="2">mc</subfield>
    <subfield code="4">0</subfield>
    <subfield code="7">0</subfield>
    <subfield code="8">SC</subfield>
    <subfield code="a">001</subfield>
    <subfield code="b">001</subfield>
    <subfield code="c">SC</subfield>
    <subfield code="d">2025-04-23</subfield>
    <subfield code="e">DEPCBU-DAG</subfield>
    <subfield code="o">CBU-DAG(08)PB/JB001/A</subfield>
    <subfield code="p">152618</subfield>
    <subfield code="r">2025-04-23</subfield>
    <subfield code="w">2025-04-23</subfield>
    <subfield code="y">030</subfield>
  </datafield>
  <datafield tag="952" ind1=" " ind2=" ">
    <subfield code="0">0</subfield>
    <subfield code="1">0</subfield>
    <subfield code="2">mc</subfield>
    <subfield code="4">0</subfield>
    <subfield code="7">0</subfield>
    <subfield code="8">SC</subfield>
    <subfield code="a">001</subfield>
    <subfield code="b">001</subfield>
    <subfield code="c">SC</subfield>
    <subfield code="d">2025-04-23</subfield>
    <subfield code="e">DEPCBU-DAG/2025</subfield>
    <subfield code="o">CBU-DAG(08)PB/JB001/2025/B</subfield>
    <subfield code="p">152619</subfield>
    <subfield code="r">2025-04-23</subfield>
    <subfield code="w">2025-04-23</subfield>
    <subfield code="y">030</subfield>
  </datafield>
  <datafield tag="952" ind1=" " ind2=" ">
    <subfield code="0">0</subfield>
    <subfield code="1">0</subfield>
    <subfield code="2">mc</subfield>
    <subfield code="4">0</subfield>
    <subfield code="7">0</subfield>
    <subfield code="8">SC</subfield>
    <subfield code="a">001</subfield>
    <subfield code="b">001</subfield>
    <subfield code="c">SC</subfield>
    <subfield code="d">2025-04-23</subfield>
    <subfield code="e">DEPCBU-DAG/2025</subfield>
    <subfield code="o">CBUD-DAG(08)PB/JB001/2025/C</subfield>
    <subfield code="p">152620</subfield>
    <subfield code="r">2025-04-23</subfield>
    <subfield code="w">2025-04-23</subfield>
    <subfield code="y">030</subfield>
  </datafield>
  <datafield tag="952" ind1=" " ind2=" ">
    <subfield code="0">0</subfield>
    <subfield code="1">0</subfield>
    <subfield code="2">mc</subfield>
    <subfield code="4">0</subfield>
    <subfield code="7">0</subfield>
    <subfield code="8">SC</subfield>
    <subfield code="a">001</subfield>
    <subfield code="b">001</subfield>
    <subfield code="c">SC</subfield>
    <subfield code="d">2025-04-23</subfield>
    <subfield code="e">DEPCBU-DAG/2025</subfield>
    <subfield code="o">CBU-DAG(08)PB/JB001/2025/D</subfield>
    <subfield code="p">152621</subfield>
    <subfield code="r">2025-04-23</subfield>
    <subfield code="w">2025-04-23</subfield>
    <subfield code="y">030</subfield>
  </datafield>
  <datafield tag="952" ind1=" " ind2=" ">
    <subfield code="0">0</subfield>
    <subfield code="1">0</subfield>
    <subfield code="2">mc</subfield>
    <subfield code="4">0</subfield>
    <subfield code="7">0</subfield>
    <subfield code="8">SC</subfield>
    <subfield code="a">001</subfield>
    <subfield code="b">001</subfield>
    <subfield code="c">SC</subfield>
    <subfield code="d">2025-04-23</subfield>
    <subfield code="e">DEPCBU-DAG/2025</subfield>
    <subfield code="o">CBU-DAG(08)PB/JB001/2025/E</subfield>
    <subfield code="p">152622</subfield>
    <subfield code="r">2025-04-23</subfield>
    <subfield code="w">2025-04-23</subfield>
    <subfield code="y">030</subfield>
  </datafield>
  <datafield tag="952" ind1=" " ind2=" ">
    <subfield code="0">0</subfield>
    <subfield code="1">0</subfield>
    <subfield code="2">mc</subfield>
    <subfield code="4">0</subfield>
    <subfield code="7">0</subfield>
    <subfield code="8">SC</subfield>
    <subfield code="a">001</subfield>
    <subfield code="b">001</subfield>
    <subfield code="c">SC</subfield>
    <subfield code="d">2025-04-23</subfield>
    <subfield code="e">DEPCBU-DAG/2025</subfield>
    <subfield code="o">CBU-DAG(08)PB/JB001/2025/F</subfield>
    <subfield code="p">152625</subfield>
    <subfield code="r">2025-04-23</subfield>
    <subfield code="w">2025-04-23</subfield>
    <subfield code="y">030</subfield>
  </datafield>
</record>
